| 000 | 00674nam a2200229 a 4500 | ||
|---|---|---|---|
| 001 | 000012078 | ||
| 005 | 20200120221917.0 | ||
| 008 | 990630s1985 espd gr0 0 000 d | ||
| 020 | _a84-345-8155-8 | ||
| 082 | 0 | 4 |
_a928 _bH15 |
| 100 | 0 | _aHalliday, F.E. | |
| 245 | 1 | 0 |
_aShakespeare / _cF.E. Halliday; prólogo: Lluis Pascual; traducción: Rafael Vázquez Zamora. |
| 260 |
_aBarcelona : _bSalvat, _c1985. |
||
| 300 | _a175p. | ||
| 490 | 0 |
_aBiblioteca Salvat de grandes biografías _v10 |
|
| 650 | 1 | 7 | _aBiografías |
| 650 | 2 | 7 | _aEscritores |
| 650 | 2 | 7 | _aAutores |
| 650 | 2 | 7 | _aAnécdotas |
| 700 | 1 |
_aPascual, Lluis, pról. _epról |
|
| 700 | 1 |
_aVázquez Zamora, Rafael, _etr. |
|
| 999 |
_c774 _d774 |
||